Principles of management / (Record no. 937)

MARC details
000 -LEADER
fixed length control field 00681nam a22002417a 4500
001 - CONTROL NUMBER
control field BD-DhSAU 937
003 - CONTROL NUMBER IDENTIFIER
control field BD-DhSAU
005 - DATE AND TIME OF LATEST TRANSACTION
control field 20150108003307.0
008 - FIXED-LENGTH DATA ELEMENTS--GENERAL INFORMATION
fixed length control field 150108b2004 ii a||||r|||| 001 0 eng d
020 ## - INTERNATIONAL STANDARD BOOK NUMBER
International Standard Book Number 9780070581920
040 ## - CATALOGING SOURCE
Original cataloging agency BD-DhSAU
082 ## - DEWEY DECIMAL CLASSIFICATION NUMBER
Edition number 22
Classification number 657
Item number KOP
100 ## - MAIN ENTRY--PERSONAL NAME
Personal name Koontz, Harold.
245 ## - TITLE STATEMENT
Title Principles of management /
Statement of responsibility, etc. Harold Koontz, Heinz Weihrich and A Ramachandra Aryashi.
260 ## - PUBLICATION, DISTRIBUTION, ETC. (IMPRINT)
Place of publication, distribution, etc. New Delhi :
Name of publisher, distributor, etc. Tata McGraw Hill ;
Date of publication, distribution, etc. c2004.
300 ## - PHYSICAL DESCRIPTION
Extent xvii, 22.19 p. :
Other physical details ill. ;
Dimensions 24 cm.
504 ## - BIBLIOGRAPHY, ETC. NOTE
Bibliography, etc Include index.
590 ## - Name of Cataloguer
Name of Cataloger joy
650 ## - SUBJECT ADDED ENTRY--TOPICAL TERM
Topical term or geographic name as entry element Economics.
650 ## - SUBJECT ADDED ENTRY--TOPICAL TERM
Topical term or geographic name as entry element Management.
700 ## - ADDED ENTRY--PERSONAL NAME
Personal name Weihrich, Heinz.
700 ## - ADDED ENTRY--PERSONAL NAME
Personal name Aryasri, A Ramachandra.
942 ## - ADDED ENTRY ELEMENTS (KOHA)
Source of classification or shelving scheme Dewey Decimal Classification
Koha item type Book
Holdings
Withdrawn status Lost status Source of classification or shelving scheme Damaged status Not for loan Home library Branch Name Shelving location Date acquired Total Checkouts Full call number Barcode Date last seen Price effective from Koha item type
    Dewey Decimal Classification     SAU Library SAU Library General Stacks 24/08/2010   657 KOP 36488 08/01/2015 08/01/2015 Book
    Dewey Decimal Classification   Not For Loan SAU Library SAU Library Reference 24/08/2010   657 KOP 36487 20/05/2015 20/05/2015 Book